Chữa bệnh bằng tinh thần

Guardat en:
Dades bibliogràfiques
Autor principal: Zweig, Stefan
Format: Llibre
Idioma:Undetermined
Publicat: Hà Nội Thế giới 1999
Matèries:
Etiquetes: Afegir etiqueta
Sense etiquetes, Sigues el primer a etiquetar aquest registre!
Thư viện lưu trữ: Trung tâm Học liệu Trường Đại học Cần Thơ
LEADER 00536nam a2200193Ia 4500
001 CTU_92273
008 210402s9999 xx 000 0 und d
020 |c 40000 
082 |a 615.788 
082 |b Z97 
100 |a Zweig, Stefan 
245 0 |a Chữa bệnh bằng tinh thần 
245 0 |c Phùng Đệ, Trần Nam Lương dịch 
260 |a Hà Nội 
260 |b Thế giới 
260 |c 1999 
650 |a Folk medicine 
904 |i Trúc 
980 |a Trung tâm Học liệu Trường Đại học Cần Thơ